| 000 | 00550nam a2200181 i 4500 | ||
|---|---|---|---|
| 001 | 141889 | ||
| 003 | ES-MaACL | ||
| 005 | 20250728043245.0 | ||
| 007 | t| | ||
| 008 | 071001s1925 sp ||||1| spa d | ||
| 100 | 1 |
_aViñas y Mey, Carmelo _9115384 |
|
| 245 | 1 | 0 |
_aEn torno a la crisis de la democracia _b: estudios políticos / _cCarmelo Viñas y Mey. |
| 260 |
_aMadrid : _b[s.n.], _c1925 ( _fImp. Reus) |
||
| 300 |
_a28 p. ; _c23 cm. |
||
| 650 | 7 |
_aDemocracia _2embne _911574 |
|
| 852 |
_aES-MaACL _j1693-F-9 |
||
| 999 |
_c141889 _d141889 |
||